Périodes Histoire de la Musique - Statistiques

Statistiques générales
  • Ce quiz a été pris 1 580 fois
    914 depuis la dernière actualisation
  • Le résultat moyen est 5 sur 8
Statistiques - réponses
Années Périodes % Correct
1740 - 1800 Classique
93%
1600 - 1740 Baroque
86%
1900 - 1950 Moderne
74%
1800 - 1900 Romantique
61%
1950 à nos jours Contemporaine
59%
1400 - 1600 Renaissance
42%
500 - 1400 Moyen âge
37%
... - 500 ap. JC Préhistoire
28%
Aucun quiz correspondant
Distribution des résultats
% des personnes avec chaque résultat
Percentile par nombre de réponses
Votre historique - résultats
Vous n’avez pas pris ce quiz depuis la dernière actualisation